[Event "Malatya Golden Apricot op 7th"]
[Site "Malatya"]
[Date "2024.08.30"]
[Round "7"]
[White "Orak, Yunus"]
[Black "Ceneli, Mehmet Canay"]
[Result "1-0"]
[WhiteElo "1779"]
[BlackElo "1768"]
[PlyCount "63"]
[EventDate "2024.08.26"]
[EventType "swiss"]
[EventRounds "9"]
[EventCountry "TUR"]
[SourceTitle "EXT 2025"]
[Source "ChessBase"]
[SourceDate "2024.10.14"]
[SourceVersion "1"]
[SourceVersionDate "2024.10.14"]
[SourceQuality "1"]

1. e4 c6 2. d4 d5 3. exd5 cxd5 4. Bd3 Nf6 5. c3 Bg4 6. Qb3 Qc8 7. Bf4 Nc6 8. Na3 a6 9. Nc2 e6 10. f3 Bh5 11. Ne2 Be7 12. g4 Bg6 13. Bxg6 hxg6 14. Ne3 Kf8 15. 0-0-0 b5 16. h4 b4 17. Kb1 a5 18. c4 a4 19. Qd3 Qd7 20. c5 Kg8 21. Ng3 Bd8 22. h5 g5 23. Bxg5 Nxg4 24. Nxg4 Bxg5 25. h6 g6 26. f4 Be7 27. Rdg1 Kf8 28. Ne5 Nxe5 29. fxe5 Rh7 30. Nh5 Rxh6 31. Nf6 Bxf6 32. exf6 1-0

[Event "TUR Cup"]
[Site "Denizli"]
[Date "2023.07.19"]
[Round "5"]
[White "Ceneli, Mehmet Canay"]
[Black "Sariali, Furkan Anil"]
[Result "1/2-1/2"]
[WhiteElo "1554"]
[BlackElo "1620"]
[PlyCount "86"]
[EventDate "2023.07.16"]
[EventType "team-tourn"]
[EventRounds "9"]
[EventCountry "TUR"]
[SourceTitle "CBM 215 Extra"]
[Source "ChessBase"]
[SourceDate "2023.09.30"]
[SourceVersion "1"]
[SourceVersionDate "2023.09.30"]
[SourceQuality "1"]

1. c4 c6 2. Nf3 Nf6 3. Nc3 d5 4. cxd5 cxd5 5. d4 e6 6. Bf4 a6 7. a4 Bb4 8. e3 Ne4 9. Qb3 Qa5 10. Rc1 Bd7 11. Bc7 Qxa4 12. Qxa4 Bxa4 13. Bd3 Bb5 14. Bxb5+ axb5 15. 0-0 Bxc3 16. bxc3 Nc6 17. Ne5 Nxe5 18. Bxe5 f6 19. f3 Nd2 20. Rfd1 Nc4 21. Bg3 Kd7 22. Bf2 Ra4 23. e4 Kc6 24. exd5+ Kxd5 25. Rb1 Na3 26. Rb2 Kc4 27. Re2 Ra6 28. d5 exd5 29. Re7 Kxc3 30. Rxb7 Rd8 31. Bd4+ Kb3 32. Bc5 d4 33. Rxd4 Rxd4 34. Bxd4 Kc4 35. Bb2 b4 36. Rxg7 Kb3 37. Bd4 Nc2 38. Bc5 Rc6 39. Bxb4 Kxb4 40. Rxh7 Kc5 41. Kf2 Kd5 42. g4 Ke6 43. g5 Ke5 1/2-1/2

[Event "TUR Cup"]
[Site "Denizli"]
[Date "2023.07.17"]
[Round "2"]
[White "Gulbeyaz, Emir"]
[Black "Ceneli, Mehmet Canay"]
[Result "1-0"]
[WhiteElo "2213"]
[BlackElo "1554"]
[PlyCount "79"]
[EventDate "2023.07.16"]
[EventType "team-tourn"]
[EventRounds "9"]
[EventCountry "TUR"]
[SourceTitle "CBM 215 Extra"]
[Source "ChessBase"]
[SourceDate "2023.09.30"]
[SourceVersion "1"]
[SourceVersionDate "2023.09.30"]
[SourceQuality "1"]

1. d4 d5 2. Bf4 Nf6 3. e3 c5 4. Nd2 Nc6 5. c3 e6 6. Ngf3 Bd6 7. Bg3 0-0 8. Bb5 Ne7 9. Bd3 Ng6 10. Bxd6 Qxd6 11. Bxg6 hxg6 12. Ne5 b5 13. Nb3 cxd4 14. cxd4 Bd7 15. Nc5 a5 16. g4 Bc6 17. Rc1 Rfc8 18. Qf3 Be8 19. 0-0 g5 20. h4 gxh4 21. g5 Nh7 22. Qg4 Nxg5 23. Qxg5 f6 24. Qxh4 fxe5 25. Qg3 Rc6 26. dxe5 Qe7 27. Nb3 Rc4 28. Nd4 Rac8 29. Rb1 Qb4 30. b3 Rxd4 31. exd4 Qxd4 32. Rbc1 Bc6 33. Kh2 Kf7 34. Kg1 Qe4 35. Rfe1 Qh7 36. Qg4 d4 37. Rxc6 Rxc6 38. Qf3+ Ke7 39. Qxc6 Qg6+ 40. Qg2 1-0